00337nam a2200121Ia 450000500170000000800410001708200130005810000230007124500620009426000290015630000120018565000180019720241008053933.0240331s9999 xx 000 0 und d bGOOa820 aGoonetileke, H.A.I 0aLanka, their Lanka :bcameos of Ceylon through other eyes aNew DelhibNavrangc1984 a69 p ., aShort Stories